Obálka
Pro půjčování e-knih musíte být přihlášeni.
Jak si půjčit online?

Princezna & psychopat : jak poznat tyrana a vyhnout se mu obloukem /

Uloženo v:
Hlavní autor: Honzák, Radkin, 1939- (Autor)
Další autoři: Mandausová, Klára, 1968- (Autor), Hauserová, Vanda, 1978- (Autor), Soukup, Pavel, 1948- (Režisér), Budweiserová, Irena, 1957- (Vypravěč-komentátor)
Médium: E-audiokniha
Jazyk:Czech
Vydáno: Praha : Voxi, 2025
Témata:
Tagy:
Žádné tagy
LEADER 04405nim a2201045 i 4500
001 313506
003 CZ PrSKC
005 20260601215744.0
007 sd fungnnmmned
008 260112s2025 xr nnnne z n cze
015 |a cnb003735645 
020 |a 9788074486050 :  |c Kč 399,00 
040 |a ABA001  |b cze  |e rda 
072 7 |a 316.4/.7  |x Sociální interakce. Sociální komunikace  |2 Konspekt 
080 |a 316.344.6-056.34  |2 MRF 
080 |a 316.628  |2 MRF 
080 |a 316.346.2  |2 MRF 
080 |a 316.472.42  |2 MRF 
080 |a (0.062)  |2 MRF 
080 |a (0:82-32)  |2 MRF 
080 |a (086.7)08  |2 MRF 
080 |a (086.76)  |2 MRF 
100 1 |a Honzák, Radkin,  |d 1939-  |7 jn19990209257  |4 aut 
245 1 0 |a Princezna & psychopat :  |b jak poznat tyrana a vyhnout se mu obloukem /  |c Radkin Honzák, Klára Mandausová 
264 1 |a Praha :  |b Voxi,  |c 2025 
300 |a 1 audiodisk (5 hod., 15 min.) ;  |c 12 cm 
306 |a 051500 
336 |a mluvené slovo  |b spw  |2 rdacontent 
337 |a audio  |b s  |2 rdamedia 
338 |a audiodisk  |b sd  |2 rdacarrier 
344 |a digital  |b optical  |2 rda 
347 |a audio soubor  |b MP3  |2 rda 
500 |a Název z disku 
500 |a Vydalo nakladatelství VOXI ve společnosti Albatros Media a.s. 
500 |a Podle stejnojmenné knihy vydané nakladatelstvím Mladá fronta v roce 2025 
500 |a Nezkrácená audiokniha ve formátu MP3 
508 |a Režie, Vanda Hauserová 
511 0 |a Čtou Pavel Soukup a Irena Budweiserová 
518 |o Nahráno  |d 2025  |p studio Chicsound 
650 0 7 |a psychopati  |7 ph508951  |2 czenas 
650 0 7 |a manipulace (psychologie)  |7 ph122611  |2 czenas 
650 0 7 |a muži a ženy  |7 ph123061  |2 czenas 
650 0 7 |a partnerské vztahy  |7 ph115684  |2 czenas 
650 0 9 |a psychopaths  |2 eczenas 
650 0 9 |a manipulation (psychology)  |2 eczenas 
650 0 9 |a men and women  |2 eczenas 
650 0 9 |a partner relationships  |2 eczenas 
655 7 |a populárně-naučné publikace  |7 fd131864  |2 czenas 
655 7 |a příběhy  |7 fd133204  |2 czenas 
655 7 |a audioknihy  |7 fd119452  |2 czenas 
655 7 |a kompaktní disky  |7 fd201991  |2 czenas 
655 9 |a popular works  |2 eczenas 
655 9 |a stories  |2 eczenas 
655 9 |a audiobooks  |2 eczenas 
655 9 |a compact discs  |2 eczenas 
700 1 |a Mandausová, Klára,  |d 1968-  |7 jx20101217009  |4 aut 
700 1 |a Hauserová, Vanda,  |d 1978-  |7 xx0105247  |4 drt 
700 1 |a Soukup, Pavel,  |d 1948-  |7 jk01120560  |4 nrt 
700 1 |a Budweiserová, Irena,  |d 1957-  |7 jn20000400306  |4 nrt 
900 |a ABA001  |b 19 
044 |a xr 
505 0 0 |t 1. Uvod (11 min., 19 sek.) 
505 0 0 |t 2. Jak vidi krasu zena (20 min., 33 sek.) 
505 0 0 |t 3. Jak vidi krasu muz (4 min., 3 sek.) 
505 0 0 |t 4. Ve sparech citu (22 min., 58 sek.) 
505 0 0 |t 5. Raj a peklo zamilovanosti (16 min., 1 sek.) 
505 0 0 |t 6. Ze zivota (1 min., 20 sek.) 
505 0 0 |t 7. Pribeh prvni (32 min., 29 sek.) 
505 0 0 |t 8. Nejsme v tom sami (0 min., 44 sek.) 
505 0 0 |t 9. Princezny a hrdinove v nas (8 min., 6 sek.) 
505 0 0 |t 10. Kdyz ve vas drima pohadkova hrdinka (17 min., 6 sek.) 
505 0 0 |t 11. Pribeh druhy (34 min., 9 sek.) 
505 0 0 |t 12. Psychopati mezi nami (0 min., 55 sek.) 
505 0 0 |t 13. Kazda tlupa ma toho sveho (7 min., 21 sek.) 
505 0 0 |t 14. Proc jsou na svete psychopati (15 min., 9 sek.) 
505 0 0 |t 15. Pribeh treti (25 min., 30 sek.) 
505 0 0 |t 16. Jak poznam ze jsem narazila na psychopata (1 min., 40 sek.) 
505 0 0 |t 17. Neni jeden jako druhy (13 min., 43 sek.) 
505 0 0 |t 18. Je mozne psychopatata alespon prevychovat (1 min., 34 sek.) 
505 0 0 |t 19. Kouzla a cary (15 min., 47 sek.) 
505 0 0 |t 20. Vyzrajte na nej (14 min., 7 sek.) 
505 0 0 |t 21. Kdyz jde o zivot (3 min., 9 sek.) 
505 0 0 |t 22. Jak se pozna psychopat od narcise (4 min., 7 sek.) 
505 0 0 |t 23. Kamila a ty dalsi (15 min., 19 sek.) 
505 0 0 |t 24. Vice nez 30 jmen (6 min., 6 sek.) 
505 0 0 |t 25. Pribeh ctvrty (16 min., 47 sek.) 
505 0 0 |t 26. Zaverem (4 min., 4 sek.) 
910 |a RBIT002 
998 |d 423854  |a https://core.palmknihy.cz/api/books/423854/cover?t5mzfs  |b https://core.palmknihy.cz/api/books/423854/cover/400?t5mzfs  |c https://core.palmknihy.cz/api/books/423854/cover/50?t5mzfs  |e 2035-12-31  |i 9788074486050  |l 18900  |q 49  |r 1  |s https://www.palmknihy.cz/kniha/423854  |t audiobook  |y 2025  |z 0 
999 |d 313504